| LDR | | 00000nam c2200205 k 4500 |
| 001 | | 000000341301 |
| 005 | | 20260415150228 |
| 007 | | ta |
| 008 | | 260407s2025 ulkadk r 001a kor |
| 020 | |
▼a 9791194456117
▼g 94510 :
▼c \90000 |
| 040 | |
▼a 248032
▼c 248032
▼d 248032 |
| 041 | 1 |
▼a kor
▼h eng |
| 049 | 0 |
▼l EM111926
▼v 1
▼l EM111927
▼v 1
▼c 2 |
| 056 | |
▼a 512.515
▼2 4 |
| 090 | |
▼a 512.515
▼b 펜27ㅈ9 |
| 245 | 20 |
▼a (PEDRETTI'S) 작업치료학 :
▼b 신체기능장애를 위한 실행기술.
▼n 1 /
▼d Heidi McHugh Pendieton,
▼e Winifred Schultz-krohn ;
▼e 최혜숙,
▼e 정민예 외 옮김 |
| 246 | 19 |
▼a PEDRETTI'S Occupational Therapy :
▼b Practice Skills for Physical Dysfunction |
| 250 | |
▼a 제9판 |
| 260 | |
▼a 서울 :
▼b 한미의학,
▼c 2025 |
| 300 | |
▼a xvi, 1435 p. :
▼b 삽화(일부천연색), 도표, 양식 ;
▼c 28 cm |
| 504 | |
▼a 색인(p. 1423-1435) 수록 |
| 546 | |
▼a 영어 원작을 한국어로 번역 |
| 653 | |
▼a 작업치료
▼a 작업수행
▼a 작업치료과정 |
| 700 | 1 |
▼a 펜디턴, 하이디 맥휴,
▼e 저 |
| 700 | 1 |
▼a 슐츠-크론, 위니프레드,
▼e 공저 |
| 700 | 1 |
▼a 최혜숙,
▼e 옮김 |
| 700 | 1 |
▼a 정민예,
▼e 옮김 |
| 900 | 10 |
▼a Pendieton, Heidi McHugh |
| 900 | 10 |
▼a Schultz-krohn, Winifred |
| 950 | 0 |
▼b \90000 |
| 990 | |
▼a 관리자2
▼b 관리자2 |